| 000 | 00844nam a2200229 a 4500 | ||
|---|---|---|---|
| 003 | MX-MxUPN | ||
| 005 | 20240506163135.0 | ||
| 008 | 991125s1917 mx r 000 0 spa d | ||
| 035 | _aUPN01000042279 | ||
| 040 |
_aMX-MxUPN _bspa _cMX-MxUPN |
||
| 041 | 0 | _aspa | |
| 050 | 4 |
_aLA429 M7 _bR6.6 |
|
| 100 | 1 |
_aRomero Flores, Jesús, _d1885-1987 _929429 |
|
| 245 | 1 | 3 | _aLa obra cultural de la revolución |
| 260 |
_aMorelia : _bImprenta del Gobierno, _c[1917?]. |
||
| 300 | _a158 páginas | ||
| 500 | _a"Memoria de los trabajos realizados en el ramo de Instrucción Pública, durante el período Pre-Constitucional, en el Estado de Michoacán" | ||
| 500 | _aDatos tomados de la cubierta | ||
| 650 | 4 |
_aEducación _zMichoacán _xHistoria _917640 |
|
| 710 | 2 |
_aMuseo Pedagógico Nacional (México) _951335 _epropietario anterior |
|
| 942 |
_2lcc _cLIBRO |
||
| 999 |
_c42279 _d42279 |
||